Relativity and common sense: a new approach to Einstein

Guardat en:
Dades bibliogràfiques
Autor principal: Bondi, Hermann (Autor)
Format: Llibre
Idioma:anglès
Publicat: Nueva York Anchor Books 1964
Col·lecció:Science Study. Anchor Books, 36
Matèries:
Etiquetes: Afegir etiqueta
Sense etiquetes, Sigues el primer a etiquetar aquest registre!

MARC

LEADER 00000nam a2200000 a 4500
001 UCH2499
003 CL-VaPUC
008 090618e19640000US |||||||||||||||||eng|d
082 0 4 |a 530.11  |b BON  |2 21 
100 0 |a Bondi, Hermann  |e author  |9 537348 
245 1 0 |a Relativity and common sense: a new approach to Einstein 
300 |a 177 p 
942 |c BK 
945 |d 20090618 00:00:00  |a rbrito 
260 |a Nueva York  |b Anchor Books  |c 1964 
650 0 |a Relatividad  |9 269977 
650 0 |a Teoría de la relatividad   |9 266149 
650 7 |a ROTACION  |2 CL-VaPUC  |9 359703 
650 0 |a Astronomía  |9 260985 
583 |a last modification  |c 20090618 00:00:00  |k Rodrigo Vera 
490 0 |a Science Study. Anchor Books, 36 
999 |c 334230  |d 334228 
952 |0 0  |1 0  |4 0  |6 530_110000000000000_BON_1964  |7 0  |8 A  |9 423090  |a BIBCUR  |b BIBCUR  |d 2019-11-22  |i 4534689  |l 2  |o 530.11 BON 1964  |p 4534689  |r 2025-04-22  |s 2022-04-04  |w 2019-11-22  |y BK  |k FIS